|
|
|
|
| LEADER |
00000nam a2200000 a 4500 |
| 001 |
UCV7353 |
| 003 |
CL-VaPUC |
| 008 |
911004e19810000MX |||||||||||||||||spa|d |
| 082 |
0 |
4 |
|a 633.15
|b JUG
|2 21
|
| 100 |
0 |
|
|a Jugenheimer, Robert W
|e author
|9 301454
|
| 245 |
1 |
0 |
|a Maíz: variedades mejoradas, métodos de cultivo, y producción de semillas
|
| 300 |
|
|
|a 841 p
|
| 942 |
|
|
|c BK
|
| 945 |
|
|
|d 19911004 00:00:00
|
| 260 |
|
|
|a Ciudad de México
|b Limusa
|c 1981
|
| 650 |
|
0 |
|a Maíz
|9 264672
|
| 583 |
|
|
|a last modification
|c 19911004 00:00:00
|k Rodrigo Vera
|
| 999 |
|
|
|c 213047
|d 213045
|
| 952 |
|
|
|0 0
|1 0
|4 0
|6 633_150000000000000_JUG_1981
|7 0
|8 A
|9 195034
|a BIBAGR
|b BIBAGR
|d 2019-11-14
|i 2631539
|l 3
|o 633.15 JUG 1981
|p 2631539
|r 2025-01-20
|s 2024-09-04
|w 2019-11-14
|y BK
|k AGR
|